Estética y Subjetividad: La filosofía alemana de Kant a Nietzsche y la teoría estética actual
Enregistré dans:
| Auteur principal: | |
|---|---|
| Format: | Livre |
| Langue: | espagnol |
| Publié: |
Madrid, España:
Visor,
1999.
|
| Collection: | Visor, Literatura y debate crítico,
|
| Sujets: | |
| Tags: |
Ajouter un tag
Pas de tags, Soyez le premier à ajouter un tag!
|
MARC
| LEADER | 00000nam a2200000 a 4500 | ||
|---|---|---|---|
| 001 | UCK4673 | ||
| 003 | CL-VaPUC | ||
| 005 | 20250407202430.0 | ||
| 008 | 050617t19990000SP |||||||||||||||||spa|d | ||
| 999 | |c 313491 |d 313489 | ||
| 020 | |a 84-7774-725-3 | ||
| 040 | |c Pontificia Universidad Católica de Valparaíso | ||
| 082 | 0 | 4 | |a 111.85 BOW 1999 |2 21 |
| 100 | 0 | |a Bowie, Andrew |e autor |9 493265 | |
| 245 | 1 | 0 | |a Estética y Subjetividad: |b La filosofía alemana de Kant a Nietzsche y la teoría estética actual |
| 260 | |a Madrid, España: |b Visor, |c 1999. | ||
| 300 | |a 282 páginas. | ||
| 490 | 0 | |a Visor, Literatura y debate crítico, |n 25. | |
| 500 | |a c.2-c.3.Instituto Arcos.08-01-2025. | ||
| 583 | |a last modification |c 20050617 00:00:00 |k Rodrigo Vera | ||
| 650 | 0 | |a Estética |9 264950 | |
| 650 | 0 | |a Filosofía moderna |9 258121 |x Crítica e interpretación | |
| 650 | 0 | |a Subjetividad |9 319638 | |
| 650 | 0 | |a Filosofía alemana |9 265002 |x Historia y crítica |y Siglo 18-20 | |
| 942 | |c BK |2 ddc |n 0 | ||
| 945 | |d 20050617 00:00:00 |a cmena | ||
| 952 | |0 0 |1 0 |4 0 |6 193_000000000000000_BOW_1999 |7 0 |8 A |9 384875 |a BIBEDU |b BIBEDU |c ES_NOD |d 2019-11-22 |i 4138201 |l 3 |o 193 BOW 1999 |p 4138201 |r 2023-09-06 |s 2023-08-24 |w 2019-11-22 |y BK |k FIL | ||
| 952 | |0 0 |1 0 |2 ddc |4 0 |6 111_850000000000000_BOW_1999 |7 0 |8 A |9 600925 |a BIBINC |b BIBINC |d 2025-03-11 |e Instituto Arcos |i 5665850 |o 111.85 BOW 1999 |p 5665850 |r 2025-03-11 |t 3 |w 2025-03-11 |y BK |k IFP | ||
| 952 | |0 0 |1 0 |2 ddc |4 0 |6 111_850000000000000_BOW_1999 |7 0 |8 A |9 600926 |a BIBINC |b BIBINC |d 2025-03-11 |e Instituto Arcos |i 5665849 |o 111.85 BOW 1999 |p 5665849 |r 2025-03-11 |t 2 |w 2025-03-11 |y BK |k IFP | ||